[Event "Reykjavik Open 2018"]
[Site "Reykjavik ISL"]
[Date "2018.03.12"]
[Round "7.84"]
[White "Reynolds, D Ian W"]
[Black "Holm, Fridgeir K"]
[Result "1-0"]
[WhiteElo "1999"]
[BlackElo "1746"]
[WhiteFideId "410705"]
[BlackFideId "2307324"]
[EventDate "2018.03.06"]

1. e4 e5 2. Nf3 Nc6 3. d4 exd4 4. Nxd4 Bc5 5. Be3 Qf6 6. c3 Qg6 7. Nb5 Bxe3 8.
Nxc7+ Kd8 9. Nxa8 Bf4 10. Qc2 Nf6 11. g3 Bb8 12. Nd2 Ke8 13. O-O-O b6 14. Bg2
Bb7 15. Nxb6 axb6 16. Nc4 Ng4 17. Qd2 d6 18. e5 Nb4 19. cxb4 Bxg2 20. Rhe1 d5
21. Qd4 Ba7 22. Nd6+ Ke7 23. Qc3 Kd7 24. f3 Nh6 25. b5 Qe6 26. Qc6+ Ke7 27. Rd3
Rd8 28. Ra3 Bb8 29. Qxb6 Qd7 30. Qf2 f6 31. exf6+ Kf8 32. fxg7+ Kg8 33. Qxg2
Bxd6 34. Rb3 Qf5 35. Qc2 Qd7 36. a4 d4 37. Kb1 Rc8 38. Qe4 Qf5 39. g4 Qf7 40.
Qe6 Qxe6 41. Rxe6 Bxh2 42. Rxh6 Bf4 43. Rf6 Rc1+ 44. Ka2 Be5 45. Rc6 Rd1 46. b6
d3 47. b7 d2 48. Rd3 Rc1 49. Rc8+ Kxg7 50. Rxd2 Rf1 51. Rd7+ Kh6 52. Rc6+ 1-0

[Event "Reykjavik Open 2018"]
[Site "Reykjavik ISL"]
[Date "2018.03.12"]
[Round "7.85"]
[White "Gudmundsson, Bjorgvin S"]
[Black "Carroll, Peter"]
[Result "1/2-1/2"]
[WhiteElo "1949"]
[BlackElo "1733"]
[WhiteFideId "2310520"]
[BlackFideId "2510243"]
[EventDate "2018.03.06"]

1. d4 Nf6 2. Nf3 g6 3. e3 Bg7 4. Be2 O-O 5. O-O d6 6. b3 Nc6 7. Bb2 Nd7 8. c4 e5
9. dxe5 Ndxe5 10. Qd2 Bg4 11. Nxe5 Nxe5 12. Bxg4 Nxg4 13. Bxg7 Kxg7 14. Nc3 Ne5
15. Rad1 Nd7 16. Nd5 Nb6 17. Qc3+ f6 18. c5 Nxd5 19. Rxd5 Qe7 20. cxd6 cxd6 21.
Qd4 Rfd8 22. Rd1 Rac8 23. Qxa7 Ra8 24. Qd4 Rxa2 25. h3 Ra6 26. b4 Qc7 27. b5 Rb6
28. g4 Kf7 29. Kg2 Re8 30. f4 Qc2+ 31. Rd2 Qe4+ 32. Kf2 Qxd4 33. R2xd4 Re7 34.
Kf3 h6 35. Rc4 g5 36. f5 Re5 37. Rcd4 Rxb5 38. Rxb5 Rxb5 39. Rxd6 Ke7 40. Re6+ 1/2-1/2

[Event "Reykjavik Open 2018"]
[Site "Reykjavik ISL"]
[Date "2018.03.12"]
[Round "7.86"]
[White "Meyer, Juergen"]
[Black "Johannesson, Haki"]
[Result "1/2-1/2"]
[WhiteElo "1926"]
[BlackElo "1696"]
[WhiteFideId "24661759"]
[BlackFideId "2304694"]
[EventDate "2018.03.06"]

1. e4 e5 2. d4 exd4 3. Qxd4 Nc6 4. Qe3 d6 5. Bd2 Nf6 6. Nc3 Be7 7. O-O-O Be6 8.
f4 Ng4 9. Qe1 Bf6 10. h3 Nh6 11. g4 Ng8 12. g5 Bxc3 13. Bxc3 f6 14. Kb1 Qe7 15.
Nf3 O-O-O 16. Bg2 Qf7 17. b3 Nge7 18. f5 Bd7 19. Bf1 Ne5 20. Nxe5 dxe5 21. Qe3
Kb8 22. Bc4 Qh5 23. h4 Bc6 24. Be2 Rxd1+ 25. Bxd1 Qf7 26. Be2 Rd8 27. h5 Nxf5
28. Qf2 Bxe4 29. Bc4 Qd7 30. Re1 Nd6 31. gxf6 gxf6 32. Qxf6 Nxc4 33. bxc4 Bc6
34. Qxe5 Re8 35. Qxe8+ Qxe8 36. Rxe8+ Bxe8 37. h6 1/2-1/2

[Event "Reykjavik Open 2018"]
[Site "Reykjavik ISL"]
[Date "2018.03.12"]
[Round "7.87"]
[White "Henderson, S E"]
[Black "Fivelstad, Jon Olav"]
[Result "0-1"]
[WhiteElo "1582"]
[BlackElo "1916"]
[WhiteFideId "2081679"]
[BlackFideId "1510339"]
[EventDate "2018.03.06"]

1. e4 c5 2. Nf3 d6 3. d4 cxd4 4. Nxd4 Nf6 5. Nc3 a6 6. Be2 g6 7. Be3 Bg7 8. Qd2
h5 9. h4 Nbd7 10. f4 Nc5 11. Bf3 Ng4 12. Bg1 O-O 13. O-O-O Bd7 14. Kb1 Rc8 15.
Qe2 b5 16. f5 e5 17. fxe6 Nxe6 18. Bxg4 Nxd4 19. Bxd4 Bxg4 20. Qf2 Bxd1 21. Bxg7
Bxc2+ 22. Kxc2 Kxg7 23. Kb1 Qf6 24. Qe3 Rfe8 25. g4 Qe5 26. gxh5 Qxh5 27. Rd1
Qc5 28. Qd3 b4 29. Na4 Qc4 30. Qxd6 Qc2+ 31. Ka1 Qc1+ 0-1

[Event "Reykjavik Open 2018"]
[Site "Reykjavik ISL"]
[Date "2018.03.12"]
[Round "7.88"]
[White "Briem, Benedikt"]
[Black "Arvidsson, Jonas"]
[Result "1/2-1/2"]
[WhiteElo "1560"]
[BlackElo "1913"]
[WhiteFideId "2315432"]
[BlackFideId "1717839"]
[EventDate "2018.03.06"]

1. f4 c5 2. Nf3 Nf6 3. e3 d5 4. Be2 Nc6 5. O-O e6 6. d3 Be7 7. b3 O-O 8. Qe1 b6
9. Bb2 d4 10. e4 Qc7 11. Ng5 h6 12. Nh3 Bb7 13. Nd2 Rad8 14. g4 Nh7 15. Qg3 g5
16. f5 Bd6 17. Qg2 b5 18. Nf3 Ne5 19. Nf2 Nxf3+ 20. Bxf3 Be5 21. Nh1 Rc8 22. Ng3
Nf6 23. Bc1 c4 24. h4 Bxg3 25. hxg5 hxg5 26. Bxg5 Nh7 27. Bh6 Rfe8 28. Qh3 Be5
29. Kg2 Bg7 30. Bxg7 Kxg7 31. Rh1 Kf8 32. Qxh7 Ke7 33. fxe6 Kxe6 34. Qf5+ Ke7
35. Rh7 Rf8 36. Qg5+ Ke6 37. Qf5+ Ke7 38. Qg5+ Ke6 39. Rah1 cxd3 40. R1h6+ Kd7
41. Qf6 Ke8 1/2-1/2

[Event "Reykjavik Open 2018"]
[Site "Reykjavik ISL"]
[Date "2018.03.12"]
[Round "7.89"]
[White "Mancini, Giustino"]
[Black "Huber-Delle, Guenther"]
[Result "1-0"]
[WhiteElo "1905"]
[BlackElo "1665"]
[WhiteFideId "806285"]
[BlackFideId "30904056"]
[EventDate "2018.03.06"]

1. e4 e6 2. d4 d5 3. exd5 exd5 4. Bd3 Nf6 5. Nf3 Bg4 6. O-O Bd6 7. Re1+ Kf8 8.
Be3 Nbd7 9. Nbd2 c6 10. c3 Qc7 11. Qc2 Bh5 12. b3 Bg6 13. c4 Rd8 14. c5 Bf4 15.
g3 Bxe3 16. Rxe3 Bxd3 17. Qxd3 g6 18. Rae1 Kg7 19. h3 h6 20. b4 b6 21. Kg2 bxc5
22. dxc5 Rb8 23. Qc3 a5 24. a3 axb4 25. axb4 Qb7 26. Rb1 Rhe8 27. Rxe8 Rxe8 28.
Nd4 Kh7 29. b5 Ne4 30. Nxe4 Rxe4 31. bxc6 Qxb1 32. cxd7 Qb8 33. Nc6 Qb7 34. d8=Q
d4 35. Qf3 1-0

[Event "Reykjavik Open 2018"]
[Site "Reykjavik ISL"]
[Date "2018.03.12"]
[Round "7.90"]
[White "Kleinert, Juergen"]
[Black "Vignisson, Ingvar Egill"]
[Result "0-1"]
[WhiteElo "1887"]
[BlackElo "1656"]
[WhiteFideId "4659180"]
[BlackFideId "2309270"]
[EventDate "2018.03.06"]

1. e4 c5 2. c3 d5 3. exd5 Qxd5 4. d4 Nf6 5. Nf3 Bg4 6. Be2 e6 7. h3 Bh5 8. O-O
Nc6 9. Be3 cxd4 10. cxd4 Be7 11. Nc3 Qd8 12. Qb3 Qc8 13. Rac1 O-O 14. g4 Bg6 15.
Ne5 Nxe5 16. dxe5 Nd7 17. Nd5 Qd8 18. Nxe7+ Qxe7 19. f4 Be4 20. Bf3 Bxf3 21.
Rxf3 b6 22. Bf2 Rfc8 23. Rfc3 Rxc3 24. Qxc3 Nf8 25. Rd1 Rd8 26. Rd4 Rxd4 27.
Qxd4 Qd7 28. Qxd7 Nxd7 29. b4 Kf8 30. Kf1 f6 31. Bd4 Ke7 32. Ke2 fxe5 33. fxe5
b5 34. Bxa7 Nxe5 35. Ke3 Kd6 36. Ke4 Nc4 37. Bb8+ Kc6 38. Bf4 Nb6 39. Ke5 Nd5
40. Bd2 Kd7 41. g5 Nb6 42. Be1 Nc4+ 43. Kd4 Kd6 44. a4 Na3 45. Bg3+ Kc6 46. a5
Nc2+ 47. Kc3 Ne3 48. Kd3 Nd5 49. Be1 Nf4+ 50. Ke4 Nxh3 51. Bd2 Nf2+ 52. Ke5 h5
53. Kxe6 h4 54. g6 h3 55. Bf4 Nd3 56. Bh2 Nxb4 57. Kf7 Nd5 58. Kxg7 Ne7 59. Kf6
Nxg6 60. Kxg6 b4 61. Kf5 b3 62. Kg4 b2 63. Kxh3 b1=Q 64. Bg3 Kd5 65. Bf2 Ke4 66.
Bb6 Kf3 67. Kh4 Qf5 0-1

[Event "Reykjavik Open 2018"]
[Site "Reykjavik ISL"]
[Date "2018.03.12"]
[Round "7.91"]
[White "Puglia, Francesco"]
[Black "Davidsson, Stefan Orri"]
[Result "1-0"]
[WhiteElo "1878"]
[BlackElo "1365"]
[WhiteFideId "2820060"]
[BlackFideId "2311399"]
[EventDate "2018.03.06"]

1. e4 c5 2. Nc3 d6 3. f4 g6 4. Nf3 Bg7 5. d3 e6 6. Ne2 Nc6 7. c3 e5 8. Be3 Bg4
9. fxe5 Nxe5 10. Nxe5 Bxe5 11. d4 cxd4 12. cxd4 Bg7 13. Qd2 Ne7 14. Nc3 O-O 15.
Bd3 d5 16. Bg5 dxe4 17. Nxe4 h6 18. Nf6+ Bxf6 19. Bxf6 Qd6 20. O-O Bf5 21. Be5
Qb6 22. Qxh6 f6 23. Rxf5 gxf5 24. Bc4+ Rf7 25. Bxf6 Ng6 26. Qg7# 1-0

[Event "Reykjavik Open 2018"]
[Site "Reykjavik ISL"]
[Date "2018.03.12"]
[Round "7.92"]
[White "Ilkov, Dani"]
[Black "Signyjarson, Arnar Smari"]
[Result "1-0"]
[WhiteElo "1841"]
[BlackElo "1351"]
[WhiteFideId "2926849"]
[BlackFideId "2316340"]
[EventDate "2018.03.06"]

1. c4 Nf6 2. g3 g6 3. Bg2 Bg7 4. Nc3 O-O 5. Rb1 d6 6. b4 Nbd7 7. Nf3 c5 8. a3
Nb6 9. d3 e5 10. O-O Nfd7 11. Nb5 Qe7 12. Bg5 f6 13. Be3 cxb4 14. axb4 f5 15.
Qb3 Nf6 16. Nxd6 Qxd6 17. c5+ Qd5 18. cxb6 Qxb3 19. Rxb3 axb6 20. Nxe5 Be6 21.
Rbb1 Bd5 22. Nd7 Bxg2 23. Nxf6+ Rxf6 24. Kxg2 Rc6 25. b5 Rd6 26. Rfc1 Bd4 27.
Bxd4 Rxd4 28. Rc7 Ra7 29. Rbc1 Rd8 30. Re7 Ra5 31. Rcc7 Rxb5 32. Rg7+ Kf8 33.
Rxh7 Rb2 34. Rh8# 1-0

[Event "Reykjavik Open 2018"]
[Site "Reykjavik ISL"]
[Date "2018.03.12"]
[Round "7.93"]
[White "Heidarsson, Arnar"]
[Black "Jonsson, Pall G"]
[Result "0-1"]
[WhiteElo "1557"]
[BlackElo "1841"]
[WhiteFideId "2312875"]
[BlackFideId "2303205"]
[EventDate "2018.03.06"]

1. d4 b5 2. e4 Bb7 3. Bd3 e6 4. Bf4 Nf6 5. Nd2 c5 6. c3 cxd4 7. cxd4 Bb4 8. f3
Nh5 9. Be3 a6 10. e5 g6 11. a3 Ba5 12. b4 Bb6 13. Be4 Nc6 14. Nb3 f5 15. Bc2
Nxe5 16. Nh3 Nf7 17. O-O d6 18. Qd2 O-O 19. g4 Qh4 20. Qg2 fxg4 21. Qxg4 Qxg4+
22. fxg4 Ng7 23. Rfe1 Rac8 24. Rac1 Rc3 25. Bd1 Rfc8 26. Nf2 Bd5 27. Rb1 e5 28.
Bd2 R3c7 29. dxe5 Bxf2+ 30. Kxf2 Nxe5 31. Be2 Ne6 32. Be3 Rc3 33. Na5 Rf8+ 0-1

[Event "Reykjavik Open 2018"]
[Site "Reykjavik ISL"]
[Date "2018.03.12"]
[Round "7.94"]
[White "Bjarnason, Olafur"]
[Black "Kreken, Eivind Grunt"]
[Result "1/2-1/2"]
[WhiteElo "1826"]
[BlackElo "1612"]
[WhiteFideId "2316501"]
[BlackFideId "1532359"]
[EventDate "2018.03.06"]

1. Nf3 e6 2. c4 f5 3. d4 Nf6 4. Nc3 d5 5. Bf4 c6 6. e3 Bd6 7. Ne5 O-O 8. c5 Be7
9. Be2 b6 10. b4 Bb7 11. O-O Ne4 12. Nxe4 fxe4 13. Bg4 Bc8 14. Qb3 Bg5 15. Bg3
Bh4 16. Rac1 Bxg3 17. hxg3 Qe8 18. cxb6 axb6 19. a4 Bd7 20. Rc2 c5 21. b5 c4 22.
Qb4 h5 23. Bd1 Rf6 24. Rc3 Qf8 25. Qxf8+ Rxf8 26. g4 hxg4 27. Bxg4 Rf6 28. Nxd7
Nxd7 29. Ra1 Ra5 30. f3 Rg6 31. Kf2 Kf8 32. Bh3 Ke7 33. Rca3 Nf6 34. f4 Ng4+ 35.
Bxg4 Rxg4 36. Rh1 Kd7 37. Rh8 Rg6 38. Rh4 c3 39. Rh1 Rf6 40. Rc1 g5 41. g3 gxf4
42. gxf4 Rf8 43. Rcxc3 Rfa8 44. Rc6 Rxb5 45. axb5 Rxa3 46. Rxb6 Ra2+ 47. Ke1 Ra3
48. Kd2 Ra2+ 1/2-1/2

[Event "Reykjavik Open 2018"]
[Site "Reykjavik ISL"]
[Date "2018.03.12"]
[Round "7.96"]
[White "Walker, Gordon J"]
[Black "Hansen, Ib Lynaes"]
[Result "0-1"]
[WhiteElo "1509"]
[BlackElo "1822"]
[WhiteFideId "2406497"]
[BlackFideId "1407511"]
[EventDate "2018.03.06"]

1. d4 f5 2. Nf3 Nf6 3. Bg5 e6 4. e3 Be7 5. Bd3 O-O 6. Nbd2 d5 7. c4 c6 8. O-O
Ne4 9. Bxe7 Qxe7 10. cxd5 exd5 11. Ne5 Nd7 12. Nxd7 Bxd7 13. Qe1 Rae8 14. Bxe4
fxe4 15. Qe2 Qg5 16. f4 exf3 17. Nxf3 Qxe3+ 18. Qxe3 Rxe3 19. Rae1 Re4 20. Rxe4
dxe4 21. Ne5 Be6 22. a3 Rd8 23. Rf4 Rxd4 24. Kf1 Rd2 25. g4 Bd5 26. Rf2 e3 27.
Nf3 Rxf2+ 0-1

[Event "Reykjavik Open 2018"]
[Site "Reykjavik ISL"]
[Date "2018.03.12"]
[Round "7.97"]
[White "Gudmundsson, Gunnar Erik"]
[Black "Ebner, Johann"]
[Result "0-1"]
[WhiteElo "1511"]
[BlackElo "2070"]
[WhiteFideId "2314339"]
[BlackFideId "1603957"]
[EventDate "2018.03.06"]

1. d4 e6 2. c4 Nf6 3. Nf3 Bb4+ 4. Nbd2 O-O 5. a3 Bxd2+ 6. Bxd2 d6 7. g3 Nc6 8.
Bc3 Ne4 9. Qc2 Nxc3 10. Qxc3 Qe7 11. Bg2 e5 12. d5 Nd8 13. e4 f5 14. Nd2 f4 15.
O-O g5 16. h3 b6 17. b4 Nb7 18. Rac1 a5 19. Rc2 Bd7 20. Rfc1 Qf6 21. Qf3 axb4
22. axb4 Ra4 23. Rb2 Qg6 24. g4 Kg7 25. Nb1 Ra1 26. Rbc2 Rfa8 27. Bf1 Qe8 28.
Be2 R8a4 29. Qc3 Qa8 30. Kh2 R4a2 31. Nd2 Rxc1 32. Rxc1 Ra3 33. Qb2 Ra2 34. Qc3
Qa3 35. Nb1 Qb2 36. Qxb2 Rxb2 37. Nc3 Rxb4 38. Nb5 Bxb5 39. cxb5 Nc5 40. Bf1
Rxe4 41. Ra1 Ra4 42. Rb1 e4 43. Kg2 Kf6 44. Rd1 Ke5 45. Rd2 Rd4 46. Ra2 Kxd5 47.
Ra8 Rd2 48. Re8 e3 49. Kg1 Rxf2 50. Re7 Rb2 51. Re8 Kd4 52. h4 f3 53. hxg5 e2
54. Bxe2 fxe2 55. g6 hxg6 56. g5 Ne4 0-1

[Event "Reykjavik Open 2018"]
[Site "Reykjavik ISL"]
[Date "2018.03.12"]
[Round "7.98"]
[White "Larson, Gerald"]
[Black "Fjallheim, Elmar Reinert"]
[Result "1-0"]
[WhiteElo "2065"]
[BlackElo "1644"]
[WhiteFideId "2018756"]
[BlackFideId "7201095"]
[EventDate "2018.03.06"]

1. c4 c5 2. g3 Nc6 3. Bg2 g6 4. e3 Bg7 5. Ne2 d6 6. Nbc3 Bd7 7. O-O Nf6 8. d3
O-O 9. Rb1 Rb8 10. h3 a6 11. a4 Nb4 12. b3 b5 13. axb5 axb5 14. Bb2 bxc4 15.
bxc4 Bf5 16. e4 Bd7 17. Qd2 Qc8 18. Kh2 Ne8 19. Nd5 Nxd5 20. Bxg7 Rxb1 21. Rxb1
Nxg7 22. cxd5 e5 23. Rb6 Qc7 24. Qb2 Ra8 25. f4 f6 26. Rb7 Qd8 27. Ng1 Ne8 28.
Nf3 Nc7 29. Nd2 Na6 30. Qb6 Ba4 31. Nc4 Nb4 32. fxe5 fxe5 33. Ra7 Bc2 34. Rxa8
Qxa8 35. Qxd6 Bxd3 36. Qe6+ Kg7 37. Qxe5+ Kh6 38. Ne3 Be2 39. Qf6 1-0

[Event "Reykjavik Open 2018"]
[Site "Reykjavik ISL"]
[Date "2018.03.12"]
[Round "7.99"]
[White "Sajjadi, Kimiya"]
[Black "Hjaltason, Elvar Orn"]
[Result "0-1"]
[WhiteElo "1958"]
[BlackElo "1639"]
[WhiteFideId "1516434"]
[BlackFideId "2315084"]
[EventDate "2018.03.06"]

1. d4 d5 2. c4 c6 3. Nc3 Nf6 4. Nf3 e6 5. e3 Nbd7 6. Qc2 Bd6 7. b3 O-O 8. Be2 b6
9. O-O Bb7 10. Bb2 Qe7 11. Rad1 Rad8 12. Rfe1 c5 13. cxd5 exd5 14. Qf5 Qe6 15.
Bd3 Qxf5 16. Bxf5 g6 17. Bxd7 Nxd7 18. dxc5 Nxc5 19. Rd4 Ne6 20. Rd2 Nc5 21.
Red1 Ne4 22. Rd3 Nc5 23. Rd4 Ne6 24. R4d3 Nc5 25. Rd4 Ne6 26. R4d2 Nc7 27. Ne2
f6 28. Rc2 Kf7 29. Ned4 a6 30. h3 Be5 31. a3 a5 32. b4 axb4 33. axb4 Bd6 34.
Rdc1 Rd7 35. Nd2 Ne6 36. Nxe6 Kxe6 37. b5 Ra8 38. Bd4 Ra5 39. Rb1 Rc7 40. Rxc7
Bxc7 41. Nf3 Bc8 42. Rc1 Kd7 43. Rb1 Ke6 44. Bc3 Ra4 45. Nd4+ Kd7 46. Nc6 Bb7
47. Bxf6 Bxc6 48. bxc6+ Kxc6 49. f4 Bd6 50. Bd4 b5 51. g3 Bc5 52. Bxc5 Kxc5 53.
g4 b4 54. Kf2 Kc4 55. f5 Ra6 56. Ke2 Ra2+ 57. Kf3 gxf5 58. gxf5 b3 59. f6 Ra6
60. Ke2 Rxf6 61. Rc1+ Kb4 62. Rb1 Rh6 63. Kd3 Rxh3 64. Kd4 h5 65. e4 dxe4 66.
Kxe4 Kc3 67. Rc1+ Kd2 68. Rc5 b2 69. Rd5+ Kc2 0-1

[Event "Reykjavik Open 2018"]
[Site "Reykjavik ISL"]
[Date "2018.03.12"]
[Round "7.100"]
[White "Sigurdsson, Birkir Karl"]
[Black "Hrafnsson, Hreinn"]
[Result "1/2-1/2"]
[WhiteElo "1928"]
[BlackElo "1637"]
[WhiteFideId "2304180"]
[BlackFideId "2304686"]
[EventDate "2018.03.06"]

1. d4 Nf6 2. c4 e6 3. Nc3 d5 4. cxd5 exd5 5. Bg5 Nbd7 6. e3 c6 7. Bd3 Be7 8.
Nge2 O-O 9. Qc2 Re8 10. O-O h6 11. Bh4 Nh5 12. Bxe7 Qxe7 13. Rae1 Ndf6 14. a3
Bd7 15. Nc1 Ne4 16. f3 Nxc3 17. Qxc3 Qd6 18. b4 Nf6 19. e4 dxe4 20. fxe4 Qe7 21.
Nb3 Rad8 22. Nd2 Be6 23. e5 Nd5 24. Qc2 Qh4 25. Re4 Qe7 26. Nc4 f5 27. Ree1 Rf8
28. Nd6 f4 29. Rf2 Ne3 30. Qd2 Qh4 31. Be2 Bd5 32. Bf3 Bxf3 33. Rxf3 Rd7 34.
Rexe3 fxe3 35. Qa2+ Rdf7 36. Rxf7 Rxf7 37. Qxf7+ Kh8 38. Qf8+ Kh7 39. Qf5+ Kg8
40. Kf1 Qxd4 41. Qf3 Qd3+ 42. Qe2 Qb1+ 43. Qe1 Qd3+ 44. Kg1 Qd2 45. Kf1 Qd3+ 1/2-1/2

[Event "Reykjavik Open 2018"]
[Site "Reykjavik ISL"]
[Date "2018.03.12"]
[Round "7.101"]
[White "Lima, Steinar"]
[Black "Valtysson, Thor"]
[Result "0-1"]
[WhiteElo "1637"]
[BlackElo "1922"]
[WhiteFideId "1542290"]
[BlackFideId "2301903"]
[EventDate "2018.03.06"]

1. d4 d5 2. c4 c6 3. Nf3 Nf6 4. Nc3 e6 5. Bf4 Nbd7 6. e3 Be7 7. Bd3 O-O 8. h3 b6
9. Rc1 Bb7 10. cxd5 exd5 11. O-O Re8 12. a3 h6 13. b4 Bf8 14. Nd2 a5 15. Rb1 Qe7
16. Qb3 axb4 17. axb4 Ra7 18. Rb2 Rea8 19. Rfb1 Nh5 20. Bh2 Kh8 21. Qd1 Nhf6 22.
b5 c5 23. Nf3 Ra3 24. Qc2 Ne4 25. Bxe4 dxe4 26. Ne5 cxd4 27. exd4 Nxe5 28. Bxe5
f6 29. Bg3 Rc8 30. Rb3 e3 31. fxe3 Qxe3+ 32. Bf2 Rxc3 33. Rxa3 Qg5 34. Bh4 Rxc2
35. Bxg5 Bxa3 0-1

[Event "Reykjavik Open 2018"]
[Site "Reykjavik ISL"]
[Date "2018.03.12"]
[Round "7.103"]
[White "Pedersen, Lars Wisler"]
[Black "Piovar, Jaroslav"]
[Result "1-0"]
[WhiteElo "1842"]
[BlackElo "1592"]
[WhiteFideId "1417045"]
[BlackFideId "14927004"]
[EventDate "2018.03.06"]

1. e4 e6 2. d4 d5 3. exd5 exd5 4. Bd3 Bd6 5. Ne2 Nf6 6. Bf4 O-O 7. Qd2 Re8 8.
O-O Be6 9. Nbc3 Bxf4 10. Nxf4 c6 11. Rae1 Nbd7 12. Re2 Qb6 13. b3 Bg4 14. Na4
Qc7 15. f3 Rxe2 16. Nxe2 Be6 17. Re1 Re8 18. Ng3 Qd6 19. f4 Nf8 20. f5 Bc8 21.
Rxe8 Nxe8 22. Qe3 Nf6 23. Nc3 N8d7 24. a4 Qa3 25. Qe1 Qd6 26. Nb1 Kf8 27. Qa5 b6
28. Qxa7 Qf4 29. Ne2 Qe3+ 30. Kf1 Ng4 31. Ke1 Qf2+ 32. Kd1 Qf1+ 33. Kd2 Nf2 34.
Nbc3 Nf6 35. Qc7 N2e4+ 36. Nxe4 Nxe4+ 37. Bxe4 Ke8 38. Qxc8+ Ke7 39. Qc7+ Kf6
40. Qe5+ Kg5 41. Qxg7+ Kh4 42. Qh6+ Kg4 43. h3# 1-0

[Event "Reykjavik Open 2018"]
[Site "Reykjavik ISL"]
[Date "2018.03.12"]
[Round "7.104"]
[White "Berg, Margar M."]
[Black "Kvamme, Ingrid Jodre"]
[Result "1-0"]
[WhiteElo "1811"]
[BlackElo "1576"]
[WhiteFideId "7200021"]
[BlackFideId "1516981"]
[EventDate "2018.03.06"]

1. d4 Nf6 2. Bg5 g6 3. Bxf6 exf6 4. e3 Bg7 5. Nf3 O-O 6. Bd3 f5 7. Nbd2 d5 8. c3
Nd7 9. h4 Nf6 10. c4 dxc4 11. Bxc4 Re8 12. Ng5 Re7 13. Ndf3 h6 14. Nxf7 Rxf7 15.
Bxf7+ Kxf7 16. Ne5+ Kg8 17. Nxg6 Be6 18. O-O Ne4 19. h5 Qg5 20. d5 Bf7 21. Rc1
Bxg6 22. hxg6 Rc8 23. d6 Nxd6 24. Qd5+ Kf8 25. Rfd1 Qd8 26. Qe6 Bxb2 27. Rxd6
Qe8 28. g7+ Bxg7 29. Qxf5+ Kg8 30. Qd5+ Qf7 31. Qxf7+ Kxf7 32. Rd7+ Kg6 33.
Rcxc7 1-0

[Event "Reykjavik Open 2018"]
[Site "Reykjavik ISL"]
[Date "2018.03.12"]
[Round "7.105"]
[White "Magnusson, Thorsteinn"]
[Black "Meier, Gerd"]
[Result "0-1"]
[WhiteElo "1435"]
[BlackElo "1804"]
[WhiteFideId "2310287"]
[BlackFideId "4682971"]
[EventDate "2018.03.06"]

1. d4 Nf6 2. Bf4 g6 3. Nc3 d6 4. e4 Bg7 5. Qd2 h5 6. Bc4 c6 7. Nf3 b5 8. Bb3 a5
9. Ng5 e6 10. a3 a4 11. Ba2 d5 12. e5 Nh7 13. Nf3 f6 14. Qd3 g5 15. Qg6+ Kf8 16.
exf6 Bxf6 17. Be5 Bd7 18. Bd6+ Be7 19. Nxg5 Nxg5 20. Qf6+ Nf7 21. Bxe7+ Qxe7 22.
Qf3 Qg5 23. O-O Rh6 24. Rfe1 Rf6 25. Qe2 Na6 26. Bxd5 cxd5 27. Nxb5 Kg7 28. Nc3
Qg4 0-1

[Event "Reykjavik Open 2018"]
[Site "Reykjavik ISL"]
[Date "2018.03.12"]
[Round "7.106"]
[White "Haile, Batel Goitom"]
[Black "Opasiak, Dustin Tennessee"]
[Result "1/2-1/2"]
[WhiteElo "1361"]
[BlackElo "1797"]
[WhiteFideId "2315190"]
[BlackFideId "24630217"]
[EventDate "2018.03.06"]

1. e4 e6 2. d4 d5 3. exd5 exd5 4. Nf3 Bd6 5. Bd3 Nf6 6. Bg5 O-O 7. O-O h6 8. Bh4
Re8 9. h3 c6 10. Nc3 Nbd7 11. Qd2 Nf8 12. Rfe1 Rxe1+ 13. Rxe1 Ne6 14. Bf5 Nf4
15. Bxf6 gxf6 16. Bxc8 Qxc8 17. Ne2 Qf5 18. Nxf4 Bxf4 19. Qe2 Kg7 20. Nh4 Qg5
21. g3 Rg8 22. Qg4 Bb8 23. Qxg5+ fxg5 24. Nf5+ Kf6 25. Nxh6 Rh8 26. Ng4+ Kf5 27.
Kg2 Bd6 28. c3 b6 29. b3 a6 30. Ne3+ Kf6 31. g4 Rd8 32. Nf5 Bf8 33. Kg3 c5 34.
Re3 cxd4 35. cxd4 Bb4 36. Re2 Bd6+ 37. Nxd6 Rxd6 38. Re5 Kg6 39. f4 f6 40. Re7
gxf4+ 41. Kxf4 Rc6 42. h4 Rc1 43. Re3 Rf1+ 44. Rf3 Rd1 45. Ke3 Re1+ 1/2-1/2

[Event "Reykjavik Open 2018"]
[Site "Reykjavik ISL"]
[Date "2018.03.12"]
[Round "7.107"]
[White "Halldorsson, Hjorleifur"]
[Black "Tummasarson, Flovin M."]
[Result "1-0"]
[WhiteElo "1792"]
[BlackElo "1303"]
[WhiteFideId "2303647"]
[BlackFideId "7202431"]
[EventDate "2018.03.06"]

1. d4 d5 2. e3 Nc6 3. c4 Nf6 4. cxd5 Qxd5 5. Nc3 Qd8 6. Bb5 e6 7. Nf3 Bd7 8. O-O
Bd6 9. e4 Bb4 10. e5 Bxc3 11. bxc3 Nd5 12. Qc2 f6 13. Bd3 Qe7 14. Rb1 f5 15. Re1
h6 16. a3 Rb8 17. c4 Nb6 18. Qa2 g5 19. d5 Nd8 20. Nd4 Qc5 21. Be3 Qe7 22. f4
Rg8 23. Re2 gxf4 24. Bxf4 Qh4 25. Rf1 Na4 26. Qc2 Nc5 27. Bxf5 exf5 28. e6 Ba4
29. Qb1 Qg4 30. Qxf5 Qxf5 31. Nxf5 Rc8 32. Ree1 Nd3 33. Re2 Rf8 34. Ng7+ Ke7 35.
Bxh6 Rxf1+ 36. Kxf1 b5 37. Bg5+ Kd6 38. e7 Nf7 39. e8=Q Rxe8 40. Nxe8+ Kd7 41.
Nf6+ Kd6 42. Ne8+ Kd7 43. Re7+ Kd8 44. Rxf7+ Kxe8 45. Re7+ Kf8 46. c5 Bb3 47. d6
Nxc5 48. dxc7 1-0

[Event "Reykjavik Open 2018"]
[Site "Reykjavik ISL"]
[Date "2018.03.12"]
[Round "7.108"]
[White "De Winter, Eric"]
[Black "Hjaltason, Magnus"]
[Result "1/2-1/2"]
[WhiteElo "1775"]
[BlackElo "1281"]
[WhiteFideId "1033069"]
[BlackFideId "2312883"]
[EventDate "2018.03.06"]

1. Nf3 d5 2. g3 Nf6 3. Bg2 e6 4. d4 Be7 5. O-O O-O 6. c4 Nc6 7. cxd5 Nxd5 8. Nc3
Nf6 9. h3 Re8 10. e4 h6 11. Be3 Bb4 12. Qc2 Qe7 13. a3 Bxc3 14. bxc3 b6 15. Nd2
Bb7 16. Kh2 Rad8 17. a4 Na5 18. c4 e5 19. d5 c5 20. Rae1 Nd7 21. f4 f6 22. Rf2
Rf8 23. Nf3 Rfe8 24. Nh4 Bc8 25. Nf5 Qf8 26. Bd2 Nb8 27. fxe5 Bxf5 28. exf5 Rxe5
29. Rxe5 fxe5 30. f6 Rd6 31. Bxa5 bxa5 32. Qb1 Rb6 1/2-1/2

[Event "Reykjavik Open 2018"]
[Site "Reykjavik ISL"]
[Date "2018.03.12"]
[Round "7.109"]
[White "Fjallheim, Benjamin Reinert"]
[Black "Moran, Darragh"]
[Result "0-1"]
[WhiteElo "1293"]
[BlackElo "1755"]
[WhiteFideId "7202008"]
[BlackFideId "2510294"]
[EventDate "2018.03.06"]

1. e4 e6 2. d4 d5 3. e5 c5 4. c3 Nc6 5. Nf3 Qb6 6. a3 c4 7. Nbd2 Na5 8. Qc2 Bd7
9. Be2 Ne7 10. Rb1 Nc8 11. b4 cxb3 12. Nxb3 Ba4 13. Nfd2 Qc7 14. Qb2 Rb8 15.
Nxa5 Qxa5 16. Nb3 Bxb3 17. Qxb3 Be7 18. Bb5+ Kf8 19. O-O Nb6 20. f4 g6 21. Rf3
h5 22. c4 a6 23. c5 axb5 24. cxb6 Rc8 25. Be3 Qxb6 26. Qxb5 Qxb5 27. Rxb5 Bxa3
28. Rxb7 Kg7 29. Bd2 Rc2 30. Rxa3 Rxd2 31. Rb4 Rc8 32. Ra1 Rcc2 33. g3 Rg2+ 34.
Kh1 Rxh2+ 35. Kg1 Rcg2+ 36. Kf1 Rxg3 37. Rbb1 Rf3+ 38. Kg1 Rd2 0-1